[Event "Hastings Masters 2016/17"]
[Site "Hastings, England"]
[Date "2017.01.04"]
[Round "8.1"]
[White "Karthikeyan, Murali"]
[Black "Sethuraman, S.P."]
[Result "1/2-1/2"]
[WhiteElo "2530"]
[BlackElo "2647"]
[PlyCount "0"]
[EventDate "2016.12.28"]

1. e4 {[%clk 1:40:56]} e5 {[%clk 1:40:39]} 2. Nf3 {[%clk 1:41:19]} Nc6
{[%clk 1:41:02]} 3. Bb5 {[%clk 1:41:40]} a6 {[%clk 1:41:27]} 4. Ba4
{[%clk 1:42:00]} Nf6 {[%clk 1:41:51]} 5. O-O {[%clk 1:42:20]} Be7
{[%clk 1:42:13]} 6. d3 {[%clk 1:42:30]} d6 {[%clk 1:42:05]} 7. c3
{[%clk 1:42:26]} O-O {[%clk 1:42:21]} 8. Re1 {[%clk 1:42:28]} Re8
{[%clk 1:42:29]} 9. Nbd2 {[%clk 1:35:54]} Bf8 {[%clk 1:42:27]} 10. h3
{[%clk 1:32:41]} b5 {[%clk 1:34:40]} 11. Bb3 {[%clk 1:32:44]} h6 {[%clk 1:26:20]}
12. d4 {[%clk 1:15:35]} Bb7 {[%clk 1:25:21]} 13. d5 {[%clk 1:04:48]} Nb8
{[%clk 1:25:19]} 14. Nh2 {[%clk 1:01:22]} Nbd7 {[%clk 1:23:19]} 15. Ng4
{[%clk 0:54:41]} Nc5 {[%clk 1:16:55]} 16. Bc2 {[%clk 0:53:18]} c6
{[%clk 1:17:20]} 17. Nxf6+ {[%clk 0:32:27]} Qxf6 {[%clk 1:17:24]} 18. c4
{[%clk 0:30:54]} bxc4 {[%clk 1:14:06]} 19. Nxc4 {[%clk 0:21:29]} cxd5
{[%clk 1:06:25]} 20. exd5 {[%clk 0:21:35]} a5 {[%clk 0:38:36]} 21. Be3
{[%clk 0:19:03]} Qh4 {[%clk 0:38:17]} 22. Rc1 {[%clk 0:16:35]} g6
{[%clk 0:24:05]} 23. Bxc5 {[%clk 0:11:15]} Qxc4 {[%clk 0:20:18]} 24. Ba4
{[%clk 0:10:06]} Qxa2 {[%clk 0:20:42]} 25. Ba3 {[%clk 0:08:34]} Qxd5
{[%clk 0:18:26]} 26. Qxd5 {[%clk 0:08:58]} Bxd5 {[%clk 0:18:53]} 27. Red1
{[%clk 0:08:38]} Be6 {[%clk 0:17:51]} 28. Bxe8 {[%clk 0:09:00]} Rxe8
{[%clk 0:18:03]} 29. Bxd6 {[%clk 0:09:15]} Bxd6 {[%clk 0:16:54]} 30. Rxd6
{[%clk 0:09:44]} Rb8 {[%clk 0:17:14]} 31. Rc2 {[%clk 0:05:56]} Kg7
{[%clk 0:17:03]} 32. Ra6 {[%clk 0:05:10]} a4 {[%clk 0:15:22]} 33. Ra5
{[%clk 0:04:16]} e4 {[%clk 0:13:10]} 34. Re2 {[%clk 0:03:14]} Rb4
{[%clk 0:09:12]} 35. Re5 {[%clk 0:02:53]} Bf5 {[%clk 0:09:39]} 36. Rd5
{[%clk 0:02:21]} Be6 {[%clk 0:09:33]} 37. Re5 {[%clk 0:01:01]} Bf5
{[%clk 0:09:58]} 38. g4 {[%clk 0:00:49]} Kf6 {[%clk 0:10:24]} 39. Rc5
{[%clk 0:01:13]} Be6 {[%clk 0:10:00]} 1/2-1/2

[Event "Hastings Masters 2016/17"]
[Site "Hastings, England"]
[Date "2017.01.04"]
[Round "8.2"]
[White "Rasmussen, Allan Stig"]
[Black "Sengupta, Deep"]
[Result "1/2-1/2"]
[WhiteElo "2502"]
[BlackElo "2575"]
[PlyCount "0"]
[EventDate "2016.12.28"]

1. d4 {[%clk 1:40:58]} d5 {[%clk 1:40:55]} 2. Nf3 {[%clk 1:41:16]} Nf6
{[%clk 1:41:06]} 3. c4 {[%clk 1:41:35]} e6 {[%clk 1:41:14]} 4. g3
{[%clk 1:41:24]} dxc4 {[%clk 1:34:25]} 5. Bg2 {[%clk 1:41:06]} c5
{[%clk 1:34:50]} 6. Qa4+ {[%clk 1:36:10]} Bd7 {[%clk 1:29:53]} 7. Qxc4
{[%clk 1:36:24]} Bc6 {[%clk 1:28:46]} 8. dxc5 {[%clk 1:31:24]} Nbd7
{[%clk 1:22:00]} 9. Be3 {[%clk 1:22:20]} Bd5 {[%clk 1:16:22]} 10. Qa4
{[%clk 1:05:31]} Bc6 {[%clk 1:15:26]} 11. Qc4 {[%clk 1:05:47]} Bd5
{[%clk 0:55:56]} 12. Qa4 {[%clk 1:04:56]} Bc6 {[%clk 0:55:38]} 13. Qc4
{[%clk 0:47:05]} 1/2-1/2

[Event "Hastings Masters 2016/17"]
[Site "Hastings, England"]
[Date "2017.01.04"]
[Round "8.3"]
[White "Praggnanandhaa, R"]
[Black "Kjartansson, Gudmundur"]
[Result "1/2-1/2"]
[WhiteElo "2452"]
[BlackElo "2468"]
[PlyCount "0"]
[EventDate "2016.12.28"]

1. Nf3 {[%clk 1:40:24]} d5 {[%clk 1:39:18]} 2. g3 {[%clk 1:40:45]} Nf6
{[%clk 1:37:57]} 3. Bg2 {[%clk 1:41:06]} g6 {[%clk 1:31:28]} 4. b3
{[%clk 1:40:15]} Bg7 {[%clk 1:30:51]} 5. Bb2 {[%clk 1:40:34]} O-O
{[%clk 1:30:57]} 6. O-O {[%clk 1:38:10]} c5 {[%clk 1:17:49]} 7. c4
{[%clk 1:35:50]} d4 {[%clk 1:13:52]} 8. b4 {[%clk 1:30:46]} Nfd7 {[%clk 1:12:15]}
9. b5 {[%clk 1:17:47]} a5 {[%clk 1:07:30]} 10. d3 {[%clk 1:15:59]} Ra7
{[%clk 1:07:01]} 11. Nbd2 {[%clk 1:12:49]} b6 {[%clk 1:06:12]} 12. Qc2
{[%clk 1:10:40]} Re8 {[%clk 0:58:48]} 13. e3 {[%clk 1:08:00]} e5 {[%clk 0:57:53]}
14. Ne4 {[%clk 0:57:04]} Bf8 {[%clk 0:43:32]} 15. Rae1 {[%clk 0:51:23]} f5
{[%clk 0:37:07]} 16. Ned2 {[%clk 0:49:42]} Nf6 {[%clk 0:33:35]} 17. exd4
{[%clk 0:48:06]} exd4 {[%clk 0:33:56]} 18. Qd1 {[%clk 0:44:45]} Rae7
{[%clk 0:32:52]} 19. Rxe7 {[%clk 0:43:57]} Rxe7 {[%clk 0:32:48]} 20. Re1
{[%clk 0:43:53]} Nbd7 {[%clk 0:29:53]} 21. Bc1 {[%clk 0:41:16]} Bh6
{[%clk 0:27:30]} 22. Nb3 {[%clk 0:38:06]} Bxc1 {[%clk 0:26:26]} 23. Nxc1
{[%clk 0:36:26]} Bb7 {[%clk 0:25:27]} 24. Rxe7 {[%clk 0:33:39]} Qxe7
{[%clk 0:25:53]} 25. Qe1 {[%clk 0:33:53]} Qxe1+ {[%clk 0:23:20]} 26. Nxe1
{[%clk 0:31:57]} Bxg2 {[%clk 0:23:44]} 27. Kxg2 {[%clk 0:32:10]} g5
{[%clk 0:18:55]} 28. h3 {[%clk 0:25:46]} Kf7 {[%clk 0:17:06]} 29. f4
{[%clk 0:24:15]} g4 {[%clk 0:16:35]} 30. h4 {[%clk 0:21:41]} a4 {[%clk 0:15:23]}
31. Nc2 {[%clk 0:16:41]} Ne8 {[%clk 0:13:17]} 32. Kf2 {[%clk 0:15:59]} Ndf6
{[%clk 0:12:05]} 33. Kg2 {[%clk 0:15:47]} Nd6 {[%clk 0:12:14]} 34. Kf1
{[%clk 0:14:29]} Ke6 {[%clk 0:09:21]} 35. Kg2 {[%clk 0:14:33]} Nfe4
{[%clk 0:07:00]} 36. Na3 {[%clk 0:10:39]} Nc3 {[%clk 0:05:42]} 37. Kf1
{[%clk 0:09:20]} Ne8 {[%clk 0:04:12]} 38. Kg2 {[%clk 0:08:53]} Nf6
{[%clk 0:03:16]} 39. Nc2 {[%clk 0:05:21]} Ke7 {[%clk 0:01:13]} 40. Kh2
{[%clk 0:03:59]} Kd6 {[%clk 0:00:54]} 41. Kg2 {[%clk 0:03:02]} Nfd5
{[%clk 0:36:32]} 42. cxd5 {[%clk 0:44:22]} Nxb5 {[%clk 0:36:37]} 43. a3
{[%clk 0:38:02]} Nc3 {[%clk 0:21:53]} 44. Kf2 {[%clk 0:36:30]} Kxd5
{[%clk 0:20:44]} 45. Ke1 {[%clk 0:34:55]} Nb5 {[%clk 0:19:59]} 46. Kd2
{[%clk 0:34:16]} Na7 {[%clk 0:18:47]} 47. Na2 {[%clk 0:32:03]} Nc6
{[%clk 0:18:35]} 48. Ke2 {[%clk 0:30:53]} Kd6 {[%clk 0:13:34]} 49. Kd1
{[%clk 0:28:19]} Kc7 {[%clk 0:12:59]} 50. Kd2 {[%clk 0:24:36]} Kb7
{[%clk 0:11:08]} 51. Nc1 {[%clk 0:22:26]} Ka6 {[%clk 0:10:26]} 52. Kd1
{[%clk 0:20:53]} b5 {[%clk 0:09:22]} 53. Ne2 {[%clk 0:19:50]} Ka5
{[%clk 0:08:55]} 54. Kd2 {[%clk 0:18:18]} Ka6 {[%clk 0:08:58]} 55. Kd1
{[%clk 0:18:19]} Kb6 {[%clk 0:09:25]} 56. Kd2 {[%clk 0:17:12]} Kb7
{[%clk 0:06:50]} 57. Kd1 {[%clk 0:17:05]} Kc7 {[%clk 0:07:04]} 58. Nc1
{[%clk 0:16:30]} Kd7 {[%clk 0:07:02]} 59. Kd2 {[%clk 0:15:56]} Kd6
{[%clk 0:07:12]} 60. Na2 {[%clk 0:15:47]} Kd5 {[%clk 0:07:25]} 61. Kd1
{[%clk 0:15:29]} Nd8 {[%clk 0:07:13]} 62. Kd2 {[%clk 0:14:15]} Nb7
{[%clk 0:07:09]} 63. Kd1 {[%clk 0:11:47]} Kc6 {[%clk 0:06:38]} 64. Kd2
{[%clk 0:10:18]} Kd6 {[%clk 0:07:02]} 65. Kd1 {[%clk 0:10:29]} Kd5
{[%clk 0:07:29]} 66. Kd2 {[%clk 0:10:08]} Nd6 {[%clk 0:07:35]} 67. Ke2
{[%clk 0:09:40]} Ne8 {[%clk 0:07:41]} 68. Kd2 {[%clk 0:09:34]} Kc6
{[%clk 0:07:56]} 69. Nc1 {[%clk 0:08:42]} Kd6 {[%clk 0:07:57]} 70. Ne2
{[%clk 0:07:41]} Kd5 {[%clk 0:07:51]} 71. Nc1 {[%clk 0:07:28]} Nf6
{[%clk 0:08:00]} 72. Ne2 {[%clk 0:07:23]} Ng8 {[%clk 0:07:19]} 73. Nc1
{[%clk 0:07:12]} Ne7 {[%clk 0:07:44]} 74. Kd1 {[%clk 0:07:04]} Nc6
{[%clk 0:07:48]} 75. Na2 {[%clk 0:07:27]} Nb8 {[%clk 0:08:08]} 76. Kd2
{[%clk 0:06:56]} Kd6 {[%clk 0:07:49]} 77. Kd1 {[%clk 0:06:41]} Kd7
{[%clk 0:08:07]} 78. Kd2 {[%clk 0:06:57]} Kc6 {[%clk 0:08:27]} 79. Nc1
{[%clk 0:06:56]} Kc7 {[%clk 0:08:34]} 80. Ne2 {[%clk 0:06:35]} Nc6
{[%clk 0:08:52]} 81. Nc1 {[%clk 0:06:56]} Kb7 {[%clk 0:09:04]} 82. Ne2
{[%clk 0:06:49]} Kb6 {[%clk 0:09:25]} 83. Kd1 {[%clk 0:07:10]} Kc7
{[%clk 0:08:13]} 84. Nc1 {[%clk 0:07:16]} Kd6 {[%clk 0:08:16]} 85. Na2
{[%clk 0:07:39]} Kd5 {[%clk 0:08:43]} 86. Kd2 {[%clk 0:07:44]} Na5
{[%clk 0:08:41]} 87. Kd1 {[%clk 0:07:36]} Nb3 {[%clk 0:08:59]} 88. Ke2
{[%clk 0:07:55]} Kd6 {[%clk 0:08:39]} 89. Kd1 {[%clk 0:08:12]} Na5
{[%clk 0:08:37]} 90. Kd2 {[%clk 0:07:48]} Kc7 {[%clk 0:08:53]} 91. Kd1
{[%clk 0:08:04]} Nc6 1/2-1/2

[Event "Hastings Masters 2016/17"]
[Site "Hastings, England"]
[Date "2017.01.04"]
[Round "8.4"]
[White "Haria, Ravi"]
[Black "Lalic, Bogdan"]
[Result "1/2-1/2"]
[WhiteElo "2382"]
[BlackElo "2443"]
[PlyCount "0"]
[EventDate "2016.12.28"]

1. Nf3 {[%clk 1:40:56]} d5 {[%clk 1:35:32]} 2. g3 {[%clk 1:41:17]} g6
{[%clk 1:35:50]} 3. Bg2 {[%clk 1:41:02]} Bg7 {[%clk 1:36:02]} 4. d4
{[%clk 1:41:12]} Nf6 {[%clk 1:36:20]} 5. c4 {[%clk 1:41:07]} O-O {[%clk 1:36:24]}
6. O-O {[%clk 1:40:56]} dxc4 {[%clk 1:36:29]} 7. Na3 {[%clk 1:39:36]} Nc6
{[%clk 1:36:40]} 8. Nxc4 {[%clk 1:38:01]} Be6 {[%clk 1:37:00]} 9. b3
{[%clk 1:23:10]} a5 {[%clk 1:37:20]} 10. Bb2 {[%clk 1:09:57]} Bd5
{[%clk 1:33:52]} 11. Re1 {[%clk 1:05:42]} a4 {[%clk 1:32:25]} 12. Ncd2
{[%clk 0:56:20]} Ne4 {[%clk 1:23:49]} 13. Nxe4 {[%clk 0:51:20]} Bxe4
{[%clk 1:23:56]} 14. Ne5 {[%clk 0:46:21]} Bxg2 {[%clk 1:23:45]} 15. Kxg2
{[%clk 0:46:42]} axb3 {[%clk 1:22:01]} 16. axb3 {[%clk 0:42:07]} Rxa1
{[%clk 1:19:51]} 17. Bxa1 {[%clk 0:42:02]} Qd6 {[%clk 1:14:00]} 18. Nxc6
{[%clk 0:38:40]} bxc6 {[%clk 1:14:07]} 19. Qc2 {[%clk 0:31:59]} Rb8
{[%clk 1:11:36]} 20. Rc1 {[%clk 0:31:27]} Bxd4 {[%clk 1:09:43]} 21. Bxd4
{[%clk 0:28:21]} Qd5+ {[%clk 1:07:01]} 1/2-1/2

[Event "Hastings Masters 2016/17"]
[Site "Hastings, England"]
[Date "2017.01.04"]
[Round "8.5"]
[White "Fier, Alexandr"]
[Black "Flear, Glenn C"]
[Result "1/2-1/2"]
[WhiteElo "2590"]
[BlackElo "2428"]
[PlyCount "0"]
[EventDate "2016.12.28"]

1. Nf3 {[%clk 1:37:04]} d5 {[%clk 1:40:05]} 2. c4 {[%clk 1:37:29]} c6
{[%clk 1:36:50]} 3. e3 {[%clk 1:37:41]} Nf6 {[%clk 1:37:06]} 4. d4
{[%clk 1:37:32]} Bg4 {[%clk 1:36:32]} 5. h3 {[%clk 1:37:56]} Bh5 {[%clk 1:36:54]}
6. g4 {[%clk 1:38:22]} Bg6 {[%clk 1:37:14]} 7. Ne5 {[%clk 1:38:49]} Nbd7
{[%clk 1:36:51]} 8. Nxg6 {[%clk 1:33:22]} hxg6 {[%clk 1:37:11]} 9. Nd2
{[%clk 1:33:49]} g5 {[%clk 1:31:28]} 10. Bg2 {[%clk 1:31:44]} e6 {[%clk 1:28:42]}
11. O-O {[%clk 1:32:08]} Be7 {[%clk 1:23:51]} 12. Re1 {[%clk 1:29:01]} Nf8
{[%clk 1:21:27]} 13. e4 {[%clk 1:25:08]} dxe4 {[%clk 1:20:38]} 14. Nxe4
{[%clk 1:25:32]} Nxe4 {[%clk 1:21:00]} 15. Rxe4 {[%clk 1:25:58]} Ng6
{[%clk 1:19:25]} 16. d5 {[%clk 1:20:58]} cxd5 {[%clk 1:06:38]} 17. cxd5
{[%clk 1:20:13]} Qxd5 {[%clk 1:03:45]} 18. Qxd5 {[%clk 1:14:48]} exd5
{[%clk 1:03:58]} 19. Ra4 {[%clk 1:15:15]} a6 {[%clk 1:01:19]} 20. Be3
{[%clk 1:13:15]} O-O-O {[%clk 0:58:17]} 21. Rd1 {[%clk 1:13:14]} Rd6
{[%clk 0:54:08]} 22. Bxd5 {[%clk 1:07:26]} Rhd8 {[%clk 0:26:58]} 23. Rc1+
{[%clk 1:00:18]} Kb8 {[%clk 0:27:18]} 24. Bf3 {[%clk 1:00:45]} Ne5
{[%clk 0:25:19]} 25. Be2 {[%clk 0:58:53]} Nd3 {[%clk 0:22:26]} 26. Bxd3
{[%clk 0:58:50]} Rxd3 {[%clk 0:22:49]} 27. Kg2 {[%clk 0:59:17]} Bf6
{[%clk 0:18:18]} 28. b3 {[%clk 0:59:27]} R3d5 {[%clk 0:16:48]} 29. Bb6
{[%clk 0:59:08]} Re8 {[%clk 0:16:11]} 30. Rac4 {[%clk 0:59:26]} Rd7
{[%clk 0:12:18]} 31. a4 {[%clk 0:59:10]} Rd3 {[%clk 0:10:45]} 32. b4
{[%clk 0:59:15]} Rd5 {[%clk 0:09:36]} 33. b5 {[%clk 0:53:04]} axb5
{[%clk 0:05:46]} 34. Bc7+ {[%clk 0:49:55]} Kc8 {[%clk 0:03:47]} 35. axb5
{[%clk 0:50:21]} Kd7 {[%clk 0:04:10]} 36. Bg3 {[%clk 0:50:47]} Bd8
{[%clk 0:03:44]} 37. Bc7 {[%clk 0:50:44]} Bf6 {[%clk 0:03:55]} 38. b6
{[%clk 0:50:06]} Re2 {[%clk 0:03:41]} 39. Ra4 {[%clk 0:49:01]} Rdd2
{[%clk 0:02:19]} 40. Bg3 {[%clk 0:49:23]} Bd4 {[%clk 0:02:03]} 41. Rc7+
{[%clk 0:38:37]} Ke6 {[%clk 0:02:08]} 42. Ra8 {[%clk 0:38:46]} Kf6
{[%clk 0:37:42]} 43. Ra3 {[%clk 1:08:21]} Kg6 {[%clk 0:35:58]} 44. Rf3
{[%clk 1:08:19]} f6 {[%clk 0:36:04]} 45. Rxb7 {[%clk 1:05:00]} Rb2
{[%clk 0:36:09]} 46. h4 {[%clk 1:05:12]} gxh4 {[%clk 0:35:44]} 47. Bxh4
{[%clk 1:05:37]} Bxb6 {[%clk 0:34:03]} 48. Bg3 {[%clk 1:05:37]} 1/2-1/2

[Event "Hastings Masters 2016/17"]
[Site "Hastings, England"]
[Date "2017.01.04"]
[Round "8.6"]
[White "Ledger, Andrew J"]
[Black "Gormally, Daniel W"]
[Result "1/2-1/2"]
[WhiteElo "2377"]
[BlackElo "2493"]
[PlyCount "0"]
[EventDate "2016.12.28"]

1. d4 {[%clk 1:40:55]} Nf6 {[%clk 1:40:32]} 2. c4 {[%clk 1:41:17]} c5
{[%clk 1:40:30]} 3. d5 {[%clk 1:41:27]} b5 {[%clk 1:39:39]} 4. cxb5
{[%clk 1:41:06]} a6 {[%clk 1:40:01]} 5. bxa6 {[%clk 1:41:15]} g6 {[%clk 1:39:50]}
6. Nc3 {[%clk 1:41:20]} Bg7 {[%clk 1:39:31]} 7. e4 {[%clk 1:40:29]} O-O
{[%clk 1:39:32]} 8. Nf3 {[%clk 1:39:54]} Qa5 {[%clk 1:39:21]} 9. Bd2
{[%clk 1:39:32]} Bxa6 {[%clk 1:37:13]} 10. Be2 {[%clk 1:39:38]} Bxe2
{[%clk 1:36:45]} 11. Qxe2 {[%clk 1:40:00]} Qa6 {[%clk 1:37:04]} 12. Qxa6
{[%clk 1:33:23]} Nxa6 {[%clk 1:37:28]} 13. O-O {[%clk 1:33:42]} e6
{[%clk 1:37:53]} 14. Rad1 {[%clk 1:10:41]} Nb4 {[%clk 1:34:38]} 15. dxe6
{[%clk 1:06:59]} dxe6 {[%clk 1:32:25]} 16. e5 {[%clk 0:58:56]} Nfd5
{[%clk 1:28:00]} 17. a3 {[%clk 0:51:10]} Nxc3 {[%clk 1:22:52]} 18. Bxc3
{[%clk 0:49:55]} Nd5 {[%clk 1:23:17]} 19. Rc1 {[%clk 0:47:18]} Rfb8
{[%clk 1:22:37]} 20. h3 {[%clk 0:34:34]} Rb3 {[%clk 1:13:27]} 21. Rfd1
{[%clk 0:26:16]} h6 {[%clk 1:13:48]} 22. Rc2 {[%clk 0:19:11]} Nxc3
{[%clk 1:11:52]} 23. Rxc3 {[%clk 0:19:29]} Rxc3 {[%clk 1:11:46]} 24. bxc3
{[%clk 0:19:55]} Rxa3 {[%clk 1:12:07]} 25. Rd8+ {[%clk 0:17:25]} Kh7
{[%clk 1:09:35]} 26. Rd7 {[%clk 0:16:45]} Kg8 {[%clk 1:09:55]} 27. Rd8+
{[%clk 0:17:06]} Kh7 1/2-1/2

[Event "Hastings Masters 2016/17"]
[Site "Hastings, England"]
[Date "2017.01.04"]
[Round "8.7"]
[White "Galyas, Miklos"]
[Black "Marusenko, Petr"]
[Result "1-0"]
[WhiteElo "2473"]
[BlackElo "2214"]
[PlyCount "0"]
[EventDate "2016.12.28"]

1. c4 {[%clk 1:40:57]} f5 {[%clk 1:40:55]} 2. Nf3 {[%clk 1:41:11]} Nf6
{[%clk 1:41:19]} 3. Nc3 {[%clk 1:41:27]} g6 {[%clk 1:41:43]} 4. d4
{[%clk 1:41:49]} Bg7 {[%clk 1:42:08]} 5. Bf4 {[%clk 1:41:55]} d6 {[%clk 1:42:24]}
6. e3 {[%clk 1:42:11]} O-O {[%clk 1:39:13]} 7. c5 {[%clk 1:42:30]} Ne4
{[%clk 1:25:52]} 8. Bc4+ {[%clk 1:41:38]} e6 {[%clk 1:25:48]} 9. O-O
{[%clk 1:36:20]} g5 {[%clk 1:11:39]} 10. Nxe4 {[%clk 1:11:27]} gxf4
{[%clk 1:08:49]} 11. Neg5 {[%clk 1:07:46]} d5 {[%clk 1:08:16]} 12. Bb3
{[%clk 1:06:43]} fxe3 {[%clk 1:06:33]} 13. fxe3 {[%clk 0:58:34]} Bh6
{[%clk 0:48:52]} 14. h4 {[%clk 0:56:07]} Qe8 {[%clk 0:48:30]} 15. Qe1
{[%clk 0:53:09]} Nd7 {[%clk 0:46:43]} 16. Qg3 {[%clk 0:50:18]} Kh8
{[%clk 0:43:33]} 17. Qxc7 {[%clk 0:50:19]} Nf6 {[%clk 0:43:49]} 18. Ne5
{[%clk 0:48:21]} Kg8 {[%clk 0:38:42]} 19. Rf3 {[%clk 0:47:41]} Bg7
{[%clk 0:36:48]} 20. Raf1 {[%clk 0:45:11]} b6 {[%clk 0:29:27]} 21. cxb6
{[%clk 0:42:20]} axb6 {[%clk 0:29:21]} 22. Qxb6 {[%clk 0:41:59]} Ra6
{[%clk 0:29:17]} 23. Qc7 {[%clk 0:41:08]} h6 {[%clk 0:27:14]} 24. Nh3
{[%clk 0:40:33]} Ne4 {[%clk 0:27:41]} 25. Bc2 {[%clk 0:38:32]} Nd6
{[%clk 0:27:59]} 26. Rg3 {[%clk 0:37:30]} Nf7 {[%clk 0:28:24]} 27. Nf4
{[%clk 0:36:23]} Kh7 {[%clk 0:28:14]} 28. Rxg7+ {[%clk 0:32:40]} Kxg7
{[%clk 0:27:29]} 29. Nh5+ {[%clk 0:33:04]} 1-0

[Event "Hastings Masters 2016/17"]
[Site "Hastings, England"]
[Date "2017.01.04"]
[Round "8.8"]
[White "Das, Arghyadip"]
[Black "Hansen, Mads"]
[Result "1-0"]
[WhiteElo "2399"]
[BlackElo "2452"]
[PlyCount "0"]
[EventDate "2016.12.28"]

1. e4 {[%clk 1:40:22]} e5 {[%clk 1:40:55]} 2. Nf3 {[%clk 1:40:13]} Nc6
{[%clk 1:41:19]} 3. Bb5 {[%clk 1:40:36]} f5 {[%clk 1:41:44]} 4. d3
{[%clk 1:41:02]} fxe4 {[%clk 1:42:09]} 5. dxe4 {[%clk 1:41:28]} Nf6
{[%clk 1:42:35]} 6. O-O {[%clk 1:41:51]} Bc5 {[%clk 1:42:50]} 7. Bxc6
{[%clk 1:41:45]} bxc6 {[%clk 1:43:11]} 8. Nxe5 {[%clk 1:42:11]} O-O
{[%clk 1:43:15]} 9. Nd3 {[%clk 1:36:49]} Nxe4 {[%clk 1:34:00]} 10. Nxc5
{[%clk 1:36:52]} Nxc5 {[%clk 1:34:28]} 11. Be3 {[%clk 1:37:15]} Ne4
{[%clk 1:25:24]} 12. Nd2 {[%clk 1:33:16]} Nf6 {[%clk 1:11:54]} 13. c4
{[%clk 1:17:40]} d6 {[%clk 1:11:54]} 14. f3 {[%clk 1:17:35]} Bf5 {[%clk 1:07:42]}
15. b4 {[%clk 1:09:24]} a5 {[%clk 1:04:43]} 16. a3 {[%clk 1:02:44]} Qe8
{[%clk 1:01:21]} 17. Qb3 {[%clk 0:46:41]} Qg6 {[%clk 1:00:13]} 18. Kh1
{[%clk 0:46:16]} Rfe8 {[%clk 0:57:17]} 19. Qc3 {[%clk 0:38:50]} Nd7
{[%clk 0:50:46]} 20. Rae1 {[%clk 0:21:13]} Ne5 {[%clk 0:46:50]} 21. g4
{[%clk 0:21:33]} Bd3 {[%clk 0:43:10]} 22. Rg1 {[%clk 0:20:48]} axb4
{[%clk 0:43:34]} 23. axb4 {[%clk 0:21:13]} Rf8 {[%clk 0:41:39]} 24. Rg3
{[%clk 0:19:46]} Ra2 {[%clk 0:40:42]} 25. c5 {[%clk 0:16:00]} Rc2
{[%clk 0:37:09]} 26. Qb3+ {[%clk 0:14:52]} d5 {[%clk 0:36:55]} 27. f4
{[%clk 0:14:12]} Be4+ {[%clk 0:23:10]} 28. Kg1 {[%clk 0:13:38]} Nd3
{[%clk 0:22:55]} 29. Qxc2 {[%clk 0:08:51]} Nxe1 {[%clk 0:23:23]} 30. Qc3
{[%clk 0:09:08]} Nd3 {[%clk 0:22:53]} 31. f5 {[%clk 0:08:57]} Qf7
{[%clk 0:23:03]} 32. Bd4 {[%clk 0:09:03]} Nf4 {[%clk 0:21:58]} 33. Qe3
{[%clk 0:09:21]} g5 {[%clk 0:21:58]} 34. Be5 {[%clk 0:04:15]} Ra8
{[%clk 0:20:19]} 35. Bxf4 {[%clk 0:03:44]} Ra1+ {[%clk 0:20:32]} 36. Kf2
{[%clk 0:03:47]} gxf4 {[%clk 0:20:48]} 37. Qxf4 {[%clk 0:04:13]} Qf6
{[%clk 0:18:12]} 38. Nxe4 {[%clk 0:04:28]} dxe4 {[%clk 0:18:06]} 39. Re3
{[%clk 0:04:00]} Qb2+ {[%clk 0:16:20]} 40. Kg3 {[%clk 0:02:10]} Rg1+
{[%clk 0:09:56]} 41. Kh4 {[%clk 0:47:00]} h6 {[%clk 0:49:09]} 42. f6
{[%clk 0:43:11]} Rh1 {[%clk 0:41:16]} 43. h3 {[%clk 0:41:17]} Qg2
{[%clk 0:32:15]} 44. Qxh6 {[%clk 0:37:16]} Kf7 {[%clk 0:27:18]} 45. Kg5
{[%clk 0:34:45]} 1-0

[Event "Hastings Masters 2016/17"]
[Site "Hastings, England"]
[Date "2017.01.04"]
[Round "8.9"]
[White "Maisuradze, Nino"]
[Black "Cheng, Bobby"]
[Result "1-0"]
[WhiteElo "2231"]
[BlackElo "2446"]
[PlyCount "0"]
[EventDate "2016.12.28"]

1. d4 {[%clk 1:36:44]} Nf6 {[%clk 1:40:54]} 2. c4 {[%clk 1:36:26]} e6
{[%clk 1:41:18]} 3. Nf3 {[%clk 1:32:04]} c5 {[%clk 1:41:14]} 4. d5
{[%clk 1:32:04]} d6 {[%clk 1:41:17]} 5. Nc3 {[%clk 1:32:09]} exd5
{[%clk 1:41:41]} 6. cxd5 {[%clk 1:32:28]} g6 {[%clk 1:42:07]} 7. Nd2
{[%clk 1:32:23]} Nbd7 {[%clk 1:34:12]} 8. e4 {[%clk 1:32:42]} Bg7
{[%clk 1:31:52]} 9. Nc4 {[%clk 1:31:23]} Nb6 {[%clk 1:30:05]} 10. Ne3
{[%clk 1:30:16]} O-O {[%clk 1:28:50]} 11. Bd3 {[%clk 1:27:08]} Ne8
{[%clk 1:08:15]} 12. O-O {[%clk 1:23:41]} Nd7 {[%clk 1:08:38]} 13. f4
{[%clk 1:17:56]} a6 {[%clk 1:06:42]} 14. a4 {[%clk 1:18:18]} Rb8 {[%clk 1:07:09]}
15. Kh1 {[%clk 1:15:49]} Nef6 {[%clk 0:53:54]} 16. Qf3 {[%clk 0:58:28]} Re8
{[%clk 0:47:35]} 17. Nc4 {[%clk 0:46:52]} Nb6 {[%clk 0:31:08]} 18. e5
{[%clk 0:40:40]} dxe5 {[%clk 0:28:59]} 19. fxe5 {[%clk 0:40:27]} Nfxd5
{[%clk 0:28:57]} 20. Nxd5 {[%clk 0:21:47]} Nxd5 {[%clk 0:29:13]} 21. Bg5
{[%clk 0:11:23]} Qd7 {[%clk 0:24:40]} 22. Rad1 {[%clk 0:11:42]} b5
{[%clk 0:20:06]} 23. Nd6 {[%clk 0:11:44]} Rxe5 {[%clk 0:20:32]} 24. Nxf7
{[%clk 0:11:23]} Re8 {[%clk 0:20:58]} 25. Be4 {[%clk 0:06:48]} Rxe4
{[%clk 0:21:24]} 26. Nh6+ {[%clk 0:04:47]} Bxh6 {[%clk 0:21:49]} 27. Bxh6
{[%clk 0:04:59]} Qf5 {[%clk 0:22:15]} 28. Qxe4 {[%clk 0:04:47]} 1-0

[Event "Hastings Masters 2016/17"]
[Site "Hastings, England"]
[Date "2017.01.04"]
[Round "8.10"]
[White "Batchelor, Peter J"]
[Black "Player, Edmund C"]
[Result "1/2-1/2"]
[WhiteElo "2365"]
[BlackElo "2239"]
[PlyCount "0"]
[EventDate "2016.12.28"]

1. d4 {[%clk 1:40:56]} Nf6 2. c4 {[%clk 1:40:44]} g6 {[%clk 1:41:10]} 3. Nf3
{[%clk 1:40:25]} Bg7 {[%clk 1:40:43]} 4. Nc3 {[%clk 1:40:48]} d5 {[%clk 1:40:40]}
5. g3 {[%clk 1:39:41]} c6 {[%clk 1:40:05]} 6. Bg2 {[%clk 1:39:10]} O-O
{[%clk 1:37:40]} 7. O-O {[%clk 1:39:06]} Bf5 {[%clk 1:19:28]} 8. b3
{[%clk 1:39:06]} Ne4 {[%clk 1:17:12]} 9. Bb2 {[%clk 1:38:31]} Nd7
{[%clk 1:07:33]} 10. Nxe4 {[%clk 1:36:04]} Bxe4 {[%clk 1:06:45]} 11. e3
{[%clk 1:34:52]} e6 {[%clk 0:40:46]} 12. Qe2 {[%clk 1:34:38]} a5 {[%clk 0:39:09]}
13. Bh3 {[%clk 1:29:46]} Bxf3 {[%clk 0:33:55]} 14. Qxf3 {[%clk 1:30:10]} a4
{[%clk 0:33:25]} 15. e4 {[%clk 1:23:40]} dxc4 {[%clk 0:22:48]} 16. bxc4
{[%clk 1:23:19]} c5 {[%clk 0:22:40]} 17. Qd1 {[%clk 1:12:32]} Nb6
{[%clk 0:09:06]} 18. Rc1 {[%clk 1:08:21]} Bxd4 {[%clk 0:08:53]} 19. Bxd4
{[%clk 1:08:40]} Qxd4 {[%clk 0:08:53]} 20. Qxd4 {[%clk 1:09:04]} cxd4
{[%clk 0:09:20]} 21. Rfd1 {[%clk 1:06:44]} Rfd8 {[%clk 0:02:06]} 22. c5
{[%clk 1:06:36]} Nd7 {[%clk 0:01:00]} 23. f4 {[%clk 1:02:39]} Rdc8
{[%clk 0:00:49]} 24. Rxd4 {[%clk 1:00:06]} Nxc5 {[%clk 0:01:10]} 25. Rdc4
{[%clk 1:00:19]} b6 {[%clk 0:00:51]} 26. e5 {[%clk 1:00:35]} Rd8 {[%clk 0:00:38]}
27. Bg2 {[%clk 1:00:26]} Rab8 {[%clk 0:00:36]} 28. Rb1 {[%clk 0:59:31]} Kf8
{[%clk 0:00:43]} 29. Bc6 {[%clk 0:56:12]} Rdc8 {[%clk 0:01:01]} 30. Bxa4
{[%clk 0:54:35]} Nxa4 {[%clk 0:01:14]} 31. Rxa4 {[%clk 0:55:04]} Ra8
{[%clk 0:00:35]} 32. Rxa8 {[%clk 0:54:20]} Rxa8 {[%clk 0:01:04]} 33. Rb2
{[%clk 0:54:35]} Ra3 {[%clk 0:01:22]} 34. Kf2 {[%clk 0:54:31]} Ke7
{[%clk 0:01:36]} 35. Rd2 {[%clk 0:54:52]} b5 {[%clk 0:00:51]} 36. Ke2
{[%clk 0:54:42]} b4 {[%clk 0:00:39]} 37. Kd1 {[%clk 0:52:37]} b3 {[%clk 0:00:41]}
38. axb3 {[%clk 0:53:02]} Rxb3 {[%clk 0:01:09]} 1/2-1/2